| 000 | 00722cam a22002653a 4500 | ||
|---|---|---|---|
| 001 | 14330 | ||
| 003 | PGUSA | ||
| 005 | 20140828083316.0 | ||
| 008 | 041211s2004||||xxu|||||s|||||000 1 eng d | ||
| 040 |
_aPGUSA _beng |
||
| 042 | _adc | ||
| 050 | 4 | _aPQ | |
| 100 | 1 |
_aStendhal, _d1783-1842 |
|
| 245 | 1 | 0 |
_aDie Äbtissin von Castro _h[electronic resource] / _cStendhal |
| 260 |
_bProject Gutenberg, _c2004 |
||
| 506 | _aPublic domain in the USA. | ||
| 516 | _aElectronic text | ||
| 653 | _aItaly -- Fiction | ||
| 653 | _aLove stories | ||
| 653 | _aFrench literature | ||
| 740 | 0 | _aL'Abbesse de Castro. German | |
| 830 | 0 |
_aProject Gutenberg _v14330 |
|
| 856 | 4 | 0 | _uhttp://www.gutenberg.org/ebooks/14330 |
| 942 | _cEB | ||
| 999 |
_c243585 _d243585 |
||